000 00762nam a22002297a 4500
999 _c20862
_d20862
003 AR-CdUCM
008 190402b ||||| |||| 00| 0 spa d
040 _aMUNICIPALIDAD PROVINCIAL DEL CUSCO
_cBIBLIOTECA MUNICIPAL DEL CUSCO
082 _aEP / 372.64 /
_bD92
100 _aDorst, Jean
_943557
245 _aEl mundo de las aves /
260 _bTimun mas,
_aBarcelona :
_c1963.
300 _bIlustraciones,
_c34 cm.
_a32 páginas ;
440 _aEnciclopedia en colores
_943558
505 _aContenidos : Nuestros emplumados amigos -- Donde viven las aves? -- Los pájaros de las ciudades...
650 _aAves
_92630
650 _aHábitat
_94961
650 _aNaturaleza
_94241
700 _aProbst, Pierre
_943559
942 _2ddc
_cLIBROS
945 _arcc